Statistieken voor Grootste steden van Afrika

Klik hier om de quiz te nemen!

Algemene statistieken

  • Deze quiz is 14 keer genomen
  • De gemiddelde score is 15 van 25

Antwoordstatistieken

PopulationCity% Correct
21.9 mCairo
100%
4.38 mKaapstad
93%
14.5 mKinshasa
93%
4.10 mAlgiers
86%
14.5 mJohannesburg
86%
4.00 mAddis Abeba
79%
4.08 mDakar
79%
6.05 mAlexandrië
71%
20.7 mLagos
71%
8.70 mLuanda
71%
4.63 mCasablanca
64%
6.30 mNairobi
64%
3.53 mDurban
57%
3.83 mKampala
57%
6.65 mKhartoem
57%
3.90 mAbuja
50%
5.75 mAbidjan
43%
2.93 mLusaka
43%
3.65 mYaounde
43%
6.15 mAccra
36%
3.83 mBamako
36%
6.75 mDar es Salaam
36%
5.00 mKano
21%
3.56 mDouala
14%
3.80 mIbadan
7%

Scoreverdeling

Percentiel versus Aantal Correcte Antwoorden

Procent van Mensen met Elke Score

Uw Scoregeschiedenis

U heeft deze quiz nog niet genomen